Culture Générale - Série 305 - Statistiques

Statistiques générales
  • Ce quiz a été pris 271 fois
  • Le résultat moyen est 5 sur 10
Statistiques - réponses
Question Réponse % Correct
Dans le sud de quel bassin se situe la dune du Pyla ? Arcachon
90%
Selon l'expression, que prend-on pour des lanternes quand on se fait avoir ? Des vessies
71%
Quel est le nom du programme américain d'exploration humaine de la Lune ? Apollo
60%
Quels fruits rouges mangez-vous si vous dégustez des griottes ? Des cerises
59%
En 1967, de quoi Paulette est-elle la reine selon la chanson des Charlots ? Des paupiettes
51%
En 1991, dans quelle chanson M. Farmer dit-elle que "Tout est chaos à côté" ? Désenchantée
50%
De quel héros de BD le premier satellite français portait-il le nom ? Astérix
46%
Avec qui Félix Gray chante-t-il "Il faut laisser le temps au temps" ? Didier Barbelivien
44%
De quel instrument Charly Oleg jouait-il pendant "Tournez manèges" ? De l'orgue
37%
De quels animaux Alphonse Boudard a-t-il écrit "La Métamorphose" ? Des cloportes
18%
Aucun quiz correspondant
Distribution des résultats
% des personnes avec chaque résultat
Percentile par nombre de réponses
Votre historique - résultats
Vous n’avez pas pris ce quiz